Groundwater Hydrology : Engineering, Planning, and Management /
Contiene: 1) Introducción; 2) Propiedades de las aguas subterráneas; 3) Hidrología subterránea; 4) Hidráulica de aguas subterráneas; 5) Calidad del agua subterránea; 6) Modelación de aguas subterráneas; 7) Planificación y gestión de aguas subterráneas; 8) La superficie del agua y la interacción de l...
Gorde:
| Egile nagusia: | |
|---|---|
| Beste egile batzuk: | , |
| Formatua: | Liburua |
| Hizkuntza: | ingelesa |
| Argitaratua: |
Boca Ratón, EUA :
CRC Press,
2011, c2011
|
| Gaiak: | |
| Etiketak: |
Etiketarik gabe, Izan zaitez lehena erregistro honi etiketa jartzen!
|
MARC
| LEADER | 00000nam^a2200000^a^4500 | ||
|---|---|---|---|
| 001 | 000380509 | ||
| 005 | 20250521000000.0 | ||
| 009 | 20260310120605.082 | ||
| 020 | |a 978-1-4398-3756-6 | ||
| 037 | |a Acervo ITESO - Biblioteca | ||
| 041 | |a ING | ||
| 082 | |a 551. 49 |b KAR | ||
| 100 | |a Karamouz, Mohammad |e (autor) | ||
| 245 | 1 | 0 | |a Groundwater Hydrology : |b Engineering, Planning, and Management / |c M. Karamouz, A. Ahmadi, M. Akhbari. |
| 264 | 4 | |a Boca Ratón, EUA : |b CRC Press, |c 2011, c2011 | |
| 300 | |a XXV, 649 p. | ||
| 336 | |a texto |b txt |2 rdacontenido | ||
| 337 | |a sin mediación |b n |2 rdamedio | ||
| 338 | |a volumen |b nc |2 rdasoporte | ||
| 520 | |a Contiene: 1) Introducción; 2) Propiedades de las aguas subterráneas; 3) Hidrología subterránea; 4) Hidráulica de aguas subterráneas; 5) Calidad del agua subterránea; 6) Modelación de aguas subterráneas; 7) Planificación y gestión de aguas subterráneas; 8) La superficie del agua y la interacción de las aguas subterráneas; 9) Acuífero: restauración y monitoreo; 10) Riesgo y administración de desastres de las aguas subterráneas; 11) Impacto del cambio climático sobre las aguas subterráneas. | ||
| 649 | |a XX | ||
| 650 | |a Aguas Subterráneas - |x Administración | ||
| 650 | |a Aguas Subterráneas - |x Tema Principal | ||
| 650 | |a Riesgo Ambiental - |x Administración | ||
| 650 | |a Hidrogeología - |x Tema Principal | ||
| 650 | |a Química del Agua | ||
| 650 | |a Hidrología | ||
| 650 | |a Ingeniería Hidráulica | ||
| 650 | |a Geoquímica | ||
| 650 | |a Ciencias de la Tierra | ||
| 700 | |a Ahmadi, Azadeh |e (autor) | ||
| 700 | |a Akhbari, Masih |e (autor) | ||
| 910 | |a Fondo General | ||
| 920 | |a Impresos - Libros | ||
| 930 | |a Colección General | ||
| 905 | |a 101 | ||
| 901 | |a 0500275371 |b IT1 |c ACC |i C152053 |u 20250521 | ||
| 902 | |a https://opac.biblio.iteso.mx/vufind/Record/000380509 | ||